{"text_format":"3","workbook":"xlsx","n_sheets":1,"sheets":["Sheet1"],"read":"whole","date_system":"1900"}

{"sheet":"Sheet1","index":0,"n_rows":61,"n_cols":6,"rows_kept":61}
["料号","品名","总数量","单位","限价","总金额"]
[7800201183,"4层感压纸 W120MM*L180MM",{"v":3000,"d":"3,000"},"张",0.5,{"$f":"E2*C2","v":{"v":1500,"d":"1,500.00"}}]
[7800300035,"透明胶带-PE管 W60MM*L50Y",112,"卷",3.63,406.56]
[7800300038,"双面胶带 W10MM*L33M",180,"卷",3.37,{"v":606.6,"d":"606.60"}]
[7800300040,"地板胶带 W50MM*L33M",{"v":1640,"d":"1,640"},"卷",8.81,{"v":14448.400000000001,"d":"14,448.40"}]
[7800300047,"耐热胶带-金黄色 .6MM*W12MM*L33M",48,"卷",6.74,323.52]
[7800301242,"斑马胶带-PE管 50MM*50M",504,"卷",8.92,{"v":4495.68,"d":"4,495.68"}]
[7800301257,"耐高温胶带 0.06MM*12MM*33M",12,"卷",7,{"v":84,"d":"84.00"}]
[7800301401,"透明封箱胶带 L500000*W60MM",244,"卷",19,{"v":4636,"d":"4,636.00"}]
[7800301464,"美纹胶带 1.2CM*20M",4,"卷",2,{"v":8,"d":"8.00"}]
[7800301542,"耐热胶带-金黄色 0.06MM*W30MM*L33M",126,"卷",13.7,{"v":1726.1999999999998,"d":"1,726.20"}]
[7800401033,"碳带 W110MM*L300M",72,"卷",38.2,{"v":2750.4,"d":"2,750.40"}]
[7800401199,"标签色带 12MM",70,"个",13,{"v":910,"d":"910.00"}]
[7800401200,"标签色带 18MM",150,"个",23,{"v":3450,"d":"3,450.00"}]
[7800600005,"破布",20,"公斤",4,{"v":80,"d":"80.00"}]
[7800601143,"大卷工业擦拭布250MM*380MM(白色) 500PC/RL",14,"卷",92.3,{"v":1292.2,"d":"1,292.20"}]
[7800700001,"扫把-尼龙",12,"把",4.9,{"v":58.800000000000004,"d":"58.80"}]
[7800700006,"棉花棒-棉头细纸身",13,"盒",66,{"v":858,"d":"858.00"}]
[7800700010,"拖把-棉条木柄",6,"把",9.4,{"v":56.400000000000006,"d":"56.40"}]
[7800700011,"拖把-除尘",10,"把",71,{"v":710,"d":"710.00"}]
[7800700014,"畚斗-塑料制",12,"把",4.8,{"v":57.599999999999994,"d":"57.60"}]
[7800700016,"水桶 20L",17,"个",8.7,{"v":147.89999999999998,"d":"147.90"}]
[7800701230,"无尘拖把 (海棉头)",2,"把",21,{"v":42,"d":"42.00"}]
[7800701312,"3M菜瓜布 W120MM*L200MM",480,"片",2.16,{"v":1036.8000000000002,"d":"1,036.80"}]
[7800701319,"大号防化垃圾袋 910MM*1520MM",220,"个",14,{"v":3080,"d":"3,080.00"}]
[7800701320,"中号防化垃圾袋 850MM*1200MM",328,"个",12,{"v":3936,"d":"3,936.00"}]
[7800701321,"小号防化垃圾袋 490MM*760MM",976,"个",5,{"v":4880,"d":"4,880.00"}]
[7800701324,"洗手液 500ML 瓶装 按压式",35,"个",14.7,{"v":514.5,"d":"514.50"}]
[7800701375,"花王厨房清洁剂 500ML",40,"个",39.5,{"v":1580,"d":"1,580.00"}]
[7800800002,"脚踏黏垫 24”*36” 30PC",{"v":2000,"d":"2,000"},"包",11.46,{"v":22920,"d":"22,920.00"}]
[7800901183,"1000级无尘擦拭布 300*300MM",{"v":20400,"d":"20,400"},"片",0.27,{"v":5508,"d":"5,508.00"}]
[7800901185,"100级无尘擦拭布 228*228MM",{"v":1052600,"d":"1,052,600"},"片",0.52,{"v":547352,"d":"547,352.00"}]
[7800901186,"1000级无尘布-地板清洁用 W200MM*L650MM 25PC",{"v":2948,"d":"2,948"},"包",20.36,{"v":60021.28,"d":"60,021.28"}]
[7800901191,"无尘擦拭布 800*500MM 100级",{"v":3360,"d":"3,360"},"片",4.85,{"$f":"E34*C34","v":{"v":16295.999999999998,"d":"16,296.00"}}]
[7801000003,"活性碳口罩 50PC",962,"包",13.6,{"v":13083.199999999999,"d":"13,083.20"}]
[7801000004,"抛弃式口罩 50PC",{"v":10512,"d":"10,512"},"包",6.9,{"v":72532.8,"d":"72,532.80"}]
[7801201125,"长筒无尘鞋",619,"双",30,{"v":18570,"d":"18,570.00"}]
[7801201126,"长筒安全鞋",{"v":1424,"d":"1,424"},"双",88.7,{"v":126308.8,"d":"126,308.80"}]
[7801300014,"条形码标签-收料用 W110MM*L170MM",16,"卷",41.3,{"v":660.8,"d":"660.80"}]
[7801301320,"条码标签纸 100*90MM",72,"卷",33.9,{"v":2440.7999999999997,"d":"2,440.80"}]
[7801301327,"标签纸 W60MM*L30MM",24,"卷",12.96,311.04]
[7801400012,"棉纱手套",40,"双",0.79,{"v":31.6,"d":"31.60"}]
[7801400015,"防护手套",16,"双",84,{"v":1344,"d":"1,344.00"}]
[7801400031,"PVC手套 12” 500PR",{"v":1689,"d":"1,689"},"箱",547,{"v":923883,"d":"923,883.00"}]
[7801400051,"乳胶手套",{"v":148400,"d":"148,400"},"双",1.75,{"v":259700,"d":"259,700.00"}]
[7801401162,"防静电手套",{"v":1462,"d":"1,462"},"双",2.07,{"v":3026.3399999999997,"d":"3,026.34"}]
[7801401237,"丁晴手套 CRN-100级 12寸 白色",20,"双",1.97,{"v":39.4,"d":"39.40"}]
[7801401238,"乳胶手套 加厚款",{"v":52000,"d":"52,000"},"双",2.02,{"v":105040,"d":"105,040.00"}]
[7801401239,"超厚型耐酸硷手套 橙色 50双/包",312,"包",106,{"v":33072,"d":"33,072.00"}]
[7801501322,"PVC尘网袋 17寸挎包 背带包",31,"个",29.3,{"v":908.3000000000001,"d":"908.30"}]
[7801501329,"连体服",{"v":2044,"d":"2,044"},"件",53,{"v":108332,"d":"108,332.00"}]
[7899900001,"衣架 42CM",44,"个",3.7,{"v":162.8,"d":"162.80"}]
[7899900069,"抛弃式鞋套 50PC",480,"包",4.9,{"v":2352,"d":"2,352.00"}]
[7899900070,"抛弃式发帽 100PC",{"v":3752,"d":"3,752"},"包",9.93,{"v":37257.36,"d":"37,257.36"}]
[7899901469,"橡胶雨鞋",18,"双",23,{"v":414,"d":"414.00"}]
[7899901470,"反光雨衣 YHM_62005",22,"件",73,{"v":1606,"d":"1,606.00"}]
[7899901478,"全身防水面料围裙",1,"个",18,{"v":18,"d":"18.00"}]
[7899901556,"油性笔 TM-001 雄狮",68,"只",2.7,{"v":183.60000000000002,"d":"183.60"}]
[7800301530,"复印纸 A4 500张/包",300,"包",17.5,{"v":5250,"d":"5,250.00"}]
[7899901586,"弯嘴冲洗瓶 500ml 聚乙烯",200,"个",23.5,{"v":4700,"d":"4,700.00"}]
[null,null,{"v":1314183,"d":"1,314,183"},null,null,{"$f":"SUM(F2:F60)","v":{"v":2427000.6799999997,"d":"2,427,000.68"}}]